LEADER 00834nam a2200229 i 4500 001 000000177311 003 CaOOAMICUS 005 20090129000000.0 008 090129s2003 it u000 u ita u 013 $a154827 040 $aSeMil$bita 245 10$aSeconda parte. 300 $a191 p. :$briccamente ill. 490 0 $aLa grande storia dell'arte ;$v10 500 $aDono di don Romano Martinelli. 700 1 $aLenzi Iacomelli, Carlotta.$0(OLS)http://semarc/name/9234 773 0 $tSettecento.$d[Firenze] : Scala Group, 2003.$w()20624 830 3$aLa grande storia dell'arte ;$v10.$0(OLS)http://semarc/title/27192 850 $aSeMil 852 $aSeMil$W1$xVenegono$y1$m5V XVI 10$j128122$B128122$CSeMilBibl$Z2$F138978 $81 961 $aOmaggio: Martinelli don Romano 996 $6245$aSeconda parte$9(OLS)http://semarc/title/180995 LEADER 00892nam a2200217 i 4500 001 000000205752 003 CaOOAMICUS 005 20110901000000.0 008 110901s1968 it u000 u ita u 013 $a184490 040 $aSeMil$bita 245 10$aCuba, Urss, Cina, Jugoslavia sull'invasione della Cecoslovacchia. 260 $aRoma :$bSamoną e Savelli,$ccopyr. 1968. 300 $a123 p. ;$c19 cm. 490 0 $aCultura politica ;$v31 650 4$aCecoslovacchia - Storia - 1968.$0(OLS)http://semarc/subject/17200 830 0$aCultura politica ;$v31.$0(OLS)http://semarc/title/18270 850 $aSeMil 852 $aSeMil$W1$xVenegono$y1$m3U I 354$j156246$B156246$CSeMilBibl$Z2$F167599 $81 996 $6245$aCuba, Urss, Cina, Jugoslavia sull'invasione della Cecoslovacchia$9(OLS)http://semarc/title/297715 996 $6260$aRoma :$bSamoną e Savelli$9(OLS)http://semarc/publisher/31756